[Event "POL-chT 2nd League Juniors 2020"]
[Site "Sypniewo"]
[Date "2020.10.26"]
[Round "5.1"]
[White "Zerebiec, Maurycy"]
[Black "Posluszny, Tomasz"]
[Result "1/2-1/2"]
[WhiteElo "1917"]
[BlackElo "2050"]
[Annotator "TA"]
[PlyCount "52"]
[EventDate "2020.10.23"]
[EventType "team-tourn"]
[EventCountry "POL"]
[SourceTitle "playchess.com"]
[Source "ChessBase"]
[SourceQuality "1"]

{[%evp 9,52,8,14,18,9,-18,-13,-12,-16,-52,-44,-57,-57,-52,-54,-63,-56,-52,-54,-71,-43,-43,-58,-105,-81,-106,-67,-62,-54,-74,-46,-51,-64,-79,-77,-73,-54,-60,0,-85,0,-62,0,-67,0]} 1. c4 {Ribli,Z} b6 2. Nc3 Bb7 3. e4 e6 4. g3 f5 5. d3 Nf6 {[%cal Rf5e4]} 6. Bg2 {A10: English Opening: Unusual Replies for Black.} fxe4 7. Nxe4 Nxe4 8. dxe4 {The position is equal.} Qf6 9. Qc2 Bc5 10. Nf3 Nc6 $36 {[%mdl 2048] Black has some pressure.} 11. O-O {[#]} e5 $146 ({Predecessor:} 11... O-O 12. Bf4 e5 13. Bd2 h6 14. Bc3 Rf7 15. Kh1 Qe6 16. Qd3 Raf8 17. Rad1 g5 {0-1 (34) Lepelletier,B (2468)-Bauer,C (2480) Besancon 1999 CBM 073 [Ribli,Z]}) 12. Bd2 O-O 13. Bc3 $1 a5 {[%cal Ba7a5,Ba5a4][%mdl 32]} 14. Ne1 Nd4 15. Bxd4 $1 Bxd4 16. Nd3 a4 17. Rac1 Qc6 18. Kh1 d6 19. Qd2 Rae8 20. Nb4 Qc5 {[%cal Rd4f2]} 21. Rc2 Rf7 22. Nd3 Qc6 23. Nb4 Qc5 24. Nd3 $1 {[%cal Rd3c5]} Qc6 25. Nb4 $1 {[%cal Rb4c6]} Qc5 26. Nd3 $1 {[%cal Rd3c5]} Qc6 {Av CentiPawn Loss W=-19/B=-8. Weighted=-21/-9} ({Black should try} 26... Qa5 $15) 1/2-1/2

[Event "POL-chT 2nd League Juniors 2020"]
[Site "Sypniewo"]
[Date "2020.10.26"]
[Round "5.1"]
[White "Gardian, Adam"]
[Black "Piwowarczyk, Bartlomiej"]
[Result "1-0"]
[WhiteElo "1859"]
[BlackElo "1773"]
[Annotator "NA RC"]
[PlyCount "55"]
[EventDate "2020.10.23"]
[EventType "team-tourn"]
[EventCountry "POL"]
[SourceTitle "playchess.com"]
[Source "ChessBase"]
[SourceQuality "1"]
[TimeControl "5400+30"]

1. e4 {[%emt 0:00:00]} c5 {[%emt 0:00:00]} 2. Nf3 {[%emt 0:04:33]} e6 {[%emt 0:00:15]} 3. d3 {[%emt 0:00:29]} Nc6 {[%emt 0:08:02]} 4. Nbd2 {[%emt 0:00:22]} g6 {[%emt 0:04:10]} 5. g3 {[%emt 0:00:19]} Bg7 {[%emt 0:01:19]} 6. Bg2 {[%emt 0:00:33]} Nge7 {[%emt 0:01:03]} 7. O-O {[%emt 0:01:07]} O-O {[%emt 0:00:15]} 8. Re1 {[%emt 0:00:36]} d5 {[%emt 0:04:55]} 9. e5 {[%emt 0:01:51]} Qc7 {[%emt 0:02:22]} 10. Qe2 {[%emt 0:00:15]} b6 {[%emt 0:07:04]} 11. h4 {[%emt 0:01:04]} Ba6 {[%emt 0:17:22]} 12. Nf1 {[%emt 0:05:46]} b5 {[%emt 0:22:22]} 13. N1h2 {[%emt 0:01:57]} Nf5 {[%emt 0:03:22]} 14. Bf4 {[%emt 0:13:07]} c4 {[%emt 0:03:20]} 15. Ng4 $14 {[%emt 0:19:00]} Qe7 {[%emt 0:08:13]} 16. Bg5 {[%emt 0:07:53]} Qc5 {[%emt 0:03:27]} 17. Nf6+ {[%emt 0:07:16]} Bxf6 {[%emt 0:01:40]} 18. Bxf6 {[%emt 0:00:17]} Nxg3 {[%emt 0:01:47]} 19. Qd2 {[%emt 0:01:44]} Nf5 {[%emt 0:02:10]} 20. Bh3 {[%emt 0:02:50]} Nce7 {[%emt 0:04:41]} 21. d4 {[%emt 0:02:25]} Qc7 {[%emt 0:00:25]} 22. h5 {[%emt 0:01:44]} Rac8 {[%emt 0:00:45]} 23. Qf4 {[%emt 0:06:56]} Rfe8 {[%emt 0:01:48]} 24. Nh4 {[%emt 0:00:48]} Nxh4 {[%emt 0:00:36]} 25. Qxh4 {[%emt 0:00:19]} Kf8 {[%emt 0:00:32]} 26. hxg6 {[%emt 0:01:55]} Nf5 {[%emt 0:00:28]} 27. gxh7 {[%emt 0:02:43]} Nxh4 {[%emt 0:00:34]} 28. h8=Q# {[%emt 0:00:07]} 1-0

[Event "POL-chT 2nd League Juniors 2020"]
[Site "Sypniewo"]
[Date "2020.10.26"]
[Round "5.2"]
[White "Oleksy, Krzysztof"]
[Black "Topola, Rafal"]
[Result "1-0"]
[WhiteElo "1934"]
[BlackElo "1827"]
[Annotator "TA"]
[PlyCount "91"]
[EventDate "2020.10.23"]
[EventType "team-tourn"]
[EventCountry "POL"]
[SourceTitle "playchess.com"]
[Source "ChessBase"]
[SourceQuality "1"]

{[%evp 17,91,8,12,0,-8,-14,-16,-23,-21,-22,-27,-28,-2,-3,2,-2,22,22,22,22,27,29,25,19,26,9,31,12,31,36,36,0,0,0,0,0,33,27,29,33,52,52,59,29,37,12,45,25,53,49,56,39,138,135,151,114,147,116,127,123,1520,1319,2028,1893,1866,1760,6185,5110,29973,5057,29977,29978,29976,29974,29964,7208]} 1. e4 c6 2. Nc3 d5 3. Nf3 dxe4 4. Nxe4 Nf6 5. Nxf6+ exf6 6. d4 Bd6 7. Be2 O-O 8. O-O Re8 9. Be3 Nd7 10. Qd2 {B15: Caro-Kann: 3 Nc3: 3...g6 and 3...dxe4 4 Nxe4 Nf6 5 Nxf6+ exf6.} Nf8 11. c4 Bf5 12. Rfd1 {The position is equal.} Be4 {[#]} 13. Ne1 $146 ({Predecessor:} 13. b4 Qe7 14. b5 cxb5 15. c5 Bc7 16. d5 Be5 17. Nxe5 fxe5 18. Bxb5 Red8 19. Bc4 {1-0 (42) Esplana,C (2389)-Cahuana,L (2216) Lima 2002}) 13... Qe7 14. Bd3 Ng6 15. Bxe4 Qxe4 16. Qd3 Bf4 {[%cal Rf4e3]} 17. Qxe4 Rxe4 18. Nc2 Kf8 19. g3 Bxe3 20. Nxe3 Rd8 21. d5 cxd5 22. Rxd5 Rd4 23. Rxd8+ Rxd8 24. Rd1 Rxd1+ 25. Nxd1 $11 {[%mdl 4096] Endgame KN-KN} Ne5 26. b3 $1 Nd3 27. Kf1 Ke7 28. Nc3 Ne5 29. Ke2 a6 30. h3 Kd6 31. Ke3 Kc5 32. a3 Kc6 33. f4 Nd7 34. b4 Nb6 (34... f5 $14) 35. Kd4 $16 Nc8 36. a4 Ne7 {...Nf5+ would now be nice for Black.} 37. b5+ axb5 38. axb5+ ({Much worse is} 38. cxb5+ $6 Kb6 $11) 38... Kc7 $2 {[%mdl 8192] [#] Black cannot hold the game after this.} (38... Kd7 $16) 39. Nd5+ $18 Nxd5 40. Kxd5 {KP-KP} Kd7 41. c5 Kc7 42. f5 Kd7 43. b6 (43. g4 $142 Ke7 44. b6 Kd7 45. h4 g6 46. h5 g5 47. h6 Kc8 48. Kd6) 43... h6 44. g4 {White mates.} g6 45. Kc4 Kd8 46. Kb5 {Av CentiPawn Loss W=-100/B=-144. Weighted=-85/-100} (46. h4 $142 Kc8 47. Kd5 Kd7 48. h5 g5 49. Kc4 Kd8 50. Kd5 Kc8 51. Kd6) 1-0

[Event "POL-chT 2nd League Juniors 2020"]
[Site "Sypniewo"]
[Date "2020.10.26"]
[Round "5.2"]
[White "Pietrzak, Tomasz"]
[Black "Kubica, Dominik"]
[Result "1/2-1/2"]
[WhiteElo "1896"]
[BlackElo "1577"]
[Annotator "NA RC"]
[PlyCount "81"]
[EventDate "2020.10.23"]
[EventType "team-tourn"]
[EventCountry "POL"]
[SourceTitle "playchess.com"]
[Source "ChessBase"]
[SourceQuality "1"]
[TimeControl "5400+30"]

{[%evp 14,75,32,32767,32767,3,17,22,32767,16,16,32767,32767,32767,-13,-10,-5,-14,-10,-3,-14,-3,0,0,0,0,0,32767,32767,32767,32767,32767,32767,32767,32767,32767,32767,32767,32767,32767,0,32767,0,-6,32767,6,32767,45,58,62,58,54,32767,48,68,56,32767,32767,32767,-8,-4,-8,0,-9]} 1. d4 {[%emt 0:00:00]} d5 {[%emt 0:00:00]} 2. c4 {[%emt 0:00:00]} dxc4 {[%emt 0:00:04]} 3. e3 {[%emt 0:01:29]} e6 {[%emt 0:01:36]} 4. Nf3 {[%emt 0:00:31]} Nf6 {[%emt 0:00:43]} 5. Bxc4 {[%emt 0:00:26]} c5 {[%emt 0:01:17]} 6. Nc3 {[%emt 0:00:23]} a6 {[%emt 0:03:11]} 7. Bb3 {[%emt 0:00:29]} Nc6 {[%emt 0:05:58]} 8. O-O {[%emt 0:13:29]} b5 {[%emt 0:09:10]} 9. dxc5 {[%emt 0:09:27]} Qxd1 {[%emt 0:02:48]} 10. Rxd1 {[%emt 0:00:07]} Bxc5 {[%emt 0:00:44]} 11. Bd2 {[%emt 0:00:18] D40: Queen's Gambit Declined: Semi-Tarrasch with 5 e3.} Bb7 {[%emt 0:06:25] [#]} 12. a3 $146 {[%emt 0:06:52]} ({Predecessor:} 12. Rac1 Bb6 13. Bc2 Ne7 14. Ng5 O-O 15. a4 h6 16. Nge4 Nxe4 17. Nxe4 Rfd8 18. a5 Ba7 {1-0 (55) Tregubov,P (2599)-Vorobiov,E (2572) Krasnoyarsk 2007}) 12... O-O {[%emt 0:04:41]} 13. Rac1 {[%emt 0:00:24]} Bb6 {[%emt 0:05:24]} 14. Be1 {[%emt 0:04:54]} Rfd8 {[%emt 0:06:42]} 15. Ne2 {[%emt 0:13:10]} Rac8 {[%emt 0:05:25]} 16. Nf4 {[%emt 0:04:17]} Rxd1 {[%emt 0:11:52]} 17. Rxd1 {[%emt 0:00:26]} Rd8 {[%emt 0:00:52]} 18. Rxd8+ {[%emt 0:04:24]} Bxd8 {[%emt 0:01:57]} 19. Nd3 {[%emt 0:00:55]} Be7 {[%emt 0:07:48]} 20. Kf1 {[%emt 0:06:31]} Bd6 {[%emt 0:04:35]} 21. h3 {[%emt 0:01:59]} Kf8 {[%emt 0:01:55]} 22. Ba2 {[%emt 0:03:00]} a5 {[%emt 0:07:03]} 23. b4 {[%emt 0:04:09]} axb4 {[%emt 0:02:46]} 24. axb4 {[%emt 0:01:12]} Nd7 {[%emt 0:05:19]} 25. Ng5 {[%emt 0:01:15]} h6 {[%emt 0:03:02]} 26. Ne4 {[%emt 0:00:42]} Be7 {[%emt 0:00:25]} 27. Bb1 {[%emt 0:02:45]} Bc8 {[%emt 0:00:27]} 28. Ke2 {[%emt 0:02:37]} Nde5 {[%emt 0:00:27]} 29. Nec5 {[%emt 0:03:13]} Nxd3 {[%emt 0:00:43]} 30. Bxd3 {[%emt 0:03:35]} Na7 {[%emt 0:00:40]} 31. Bc3 {[%emt 0:00:32]} Bxc5 {[%emt 0:00:33]} 32. bxc5 {[%emt 0:00:06]} Bd7 {[%emt 0:00:22]} 33. Be5 {[%emt 0:00:14]} Nc8 {[%emt 0:00:33]} 34. Be4 {[%emt 0:00:56]} Ne7 {[%emt 0:00:50]} 35. Bd6 {[%emt 0:00:15]} Ke8 {[%emt 0:00:07] [#]} 36. Bb7 {[%emt 0:05:30]} ({White should play} 36. Bxe7 $1 $16 Kxe7 37. Kd3) 36... Bc6 {[%emt 0:00:39]} 37. Bxc6+ $1 {[%emt 0:01:15]} Nxc6 {[%emt 0:00:05]} 38. e4 $11 {[%emt 0:00:25]} e5 {[%emt 0:00:47]} 39. Kd3 {[%emt 0:00:59]} f6 {[%emt 0:00:32]} 40. g3 {[%emt 0:00:24]} Kf7 {[%emt 0:00:40]} 41. f4 {[%emt 0:02:07]} 1/2-1/2

[Event "POL-chT 2nd League Juniors 2020"]
[Site "Sypniewo"]
[Date "2020.10.26"]
[Round "5.3"]
[White "Nowak, Filip"]
[Black "Jendrowiak, Maciej"]
[Result "1-0"]
[WhiteElo "1871"]
[BlackElo "1382"]
[Annotator "NA RC"]
[PlyCount "91"]
[EventDate "2020.10.23"]
[EventType "team-tourn"]
[EventCountry "POL"]
[SourceTitle "playchess.com"]
[Source "ChessBase"]
[SourceQuality "1"]
[TimeControl "5400+30"]

{[%evp 16,76,3,32767,25,8,32767,32767,0,6,32767,32767,29,22,32767,32767,33,27,35,0,58,44,58,46,47,32767,119,99,121,32767,32767,32767,32767,32767,32767,144,128,116,180,250,166,281,232,141,191,204,166,230,222,191,184,243,222,227,232,370,308,32767,32767,527,441,720,752]} 1. e4 {[%emt 0:00:00]} c6 {[%emt 0:00:00]} 2. d4 {[%emt 0:00:00]} d5 {[%emt 0:00:34]} 3. Nd2 {[%emt 0:00:10]} dxe4 {[%emt 0:00:47]} 4. Nxe4 {[%emt 0:00:06]} Bf5 {[%emt 0:00:46]} 5. Ng3 {[%emt 0:00:12]} Bg6 {[%emt 0:00:41]} 6. h4 {[%emt 0:00:10]} h6 {[%emt 0:00:31]} 7. Nf3 {[%emt 0:00:09]} Nd7 {[%emt 0:02:38]} 8. h5 {[%emt 0:00:27]} Bh7 {[%emt 0:00:49]} 9. Bd3 {[%emt 0:00:26]} Bxd3 {[%emt 0:01:19]} 10. Qxd3 {[%emt 0:00:08]} e6 {[%emt 0:02:38]} 11. Bd2 {[%emt 0:00:14]} Ngf6 {[%emt 0:01:07]} 12. O-O-O {[%emt 0:00:13]} Be7 {[%emt 0:01:13]} 13. Kb1 {[%emt 0:00:11]} O-O {[%emt 0:00:47]} 14. Ne4 {[%emt 0:00:26]} Nxe4 {[%emt 0:02:07] B19: Classical Caro-Kann: 4...Bf5 main line.} 15. Qxe4 {[%emt 0:00:06]} Nf6 {[%emt 0:01:56]} 16. Qe2 {[%emt 0:00:34]} Qd5 {[%emt 0:03:26]} 17. Be3 {[%emt 0:00:26]} Rac8 {[%emt 0:02:53]} 18. Ne5 {[%emt 0:06:51]} c5 {[%emt 0:03:06] [#]} ({Much worse is} 18... Qxg2 {[#]} 19. Bxh6 $1 {[%mdl 512]} Qe4 20. Qxe4 $16) 19. g4 $146 {[%emt 0:07:43]} ({Predecessor:} 19. c4 Qe4+ 20. Qd3 Qxd3+ 21. Rxd3 cxd4 22. Bxd4 Rfd8 23. b3 a6 24. g4 Bd6 25. Bb6 {1-0 (48) Sadzikowski,D (2258)-Belenkaya,D (2125) Wroclaw 2010}) 19... cxd4 {[%emt 0:04:15]} 20. Bxd4 {[%emt 0:00:23]} Qe4 {[%emt 0:00:53]} (20... Bc5 $1 $14 21. Ng6 fxg6 22. Bxf6 Qc6) 21. Qxe4 {[%emt 0:04:27]} Nxe4 {[%emt 0:00:09]} 22. Bxa7 {[%emt 0:01:01]} Rfd8 {[%emt 0:03:06]} 23. Be3 {[%emt 0:07:15]} Bc5 {[%emt 0:02:08]} 24. Bxc5 {[%emt 0:02:43]} Nxc5 {[%emt 0:02:07]} 25. f3 {[%emt 0:01:33]} f6 {[%emt 0:00:43]} 26. Nd3 {[%emt 0:04:19]} f5 {[%emt 0:05:36]} (26... Nxd3 $16 27. Rxd3 Rxd3 28. cxd3 f5) 27. Nxc5 {[%emt 0:07:07]} Rxd1+ {[%emt 0:00:11]} 28. Rxd1 {[%emt 0:00:01]} Rxc5 {[%emt 0:00:03]} 29. b3 {[%emt 0:00:37]} (29. Rd8+ $18 Kh7 30. c3) 29... b5 {[%emt 0:01:01]} (29... Rc7 $16 30. Kc1 fxg4) 30. Rd4 {[%emt 0:01:16]} Kf7 {[%emt 0:00:24]} 31. Kb2 {[%emt 0:01:57]} Kf6 {[%emt 0:00:27]} 32. a4 {[%emt 0:01:12]} bxa4 {[%emt 0:00:41]} 33. Rxa4 {[%emt 0:00:03]} Kg5 {[%emt 0:00:55]} 34. Rc4 {[%emt 0:13:57]} Rb5 {[%emt 0:01:13]} (34... Rxc4 35. bxc4 fxg4 36. fxg4 $18) 35. b4 {[%emt 0:00:30]} e5 {[%emt 0:01:15]} 36. gxf5 {[%emt 0:08:43]} Kxf5 {[%emt 0:02:56]} 37. Kb3 {[%emt 0:06:10]} Rb7 {[%emt 0:01:03]} 38. Rg4 $18 {[%emt 0:01:42]} Ke6 {[%emt 0:00:15]} 39. c4 {[%emt 0:02:05]} Rf7 {[%emt 0:00:34]} 40. Rg3 {[%emt 0:00:43]} Rf5 {[%emt 0:00:40]} 41. b5 {[%emt 0:00:21]} Kd6 {[%emt 0:00:30]} 42. Kb4 {[%emt 0:00:22]} Rf7 {[%emt 0:02:04]} 43. Rg6+ {[%emt 0:00:42]} Kc7 {[%emt 0:00:09]} 44. Kc5 {[%emt 0:00:17]} Rd7 {[%emt 0:01:00]} 45. b6+ {[%emt 0:00:51]} Kb7 {[%emt 0:00:05]} 46. Kb5 {[%emt 0:00:12]} 1-0

[Event "POL-chT 2nd League Juniors 2020"]
[Site "Sypniewo"]
[Date "2020.10.26"]
[Round "5.3"]
[White "Zaborski, Igor"]
[Black "Maj, Samuel"]
[Result "1-0"]
[WhiteElo "1612"]
[BlackElo "1305"]
[Annotator "NA RC"]
[PlyCount "95"]
[EventDate "2020.10.23"]
[EventType "team-tourn"]
[EventCountry "POL"]
[SourceTitle "playchess.com"]
[Source "ChessBase"]
[SourceQuality "1"]
[TimeControl "5400+30"]

1. d4 {[%emt 0:00:00]} Nf6 {[%emt 0:00:00]} 2. Nf3 {[%emt 0:00:00]} g6 {[%emt 0:00:00]} 3. Bg5 {[%emt 0:00:50]} Bg7 {[%emt 0:00:00]} 4. c4 {[%emt 0:01:13]} d6 {[%emt 0:00:00]} 5. Nc3 {[%emt 0:00:18]} O-O {[%emt 0:00:14]} 6. e3 {[%emt 0:00:35]} Nbd7 {[%emt 0:00:34]} 7. Be2 {[%emt 0:00:33]} Re8 {[%emt 0:02:14]} 8. O-O {[%emt 0:01:55]} c6 {[%emt 0:01:20]} 9. Qc2 {[%emt 0:01:37]} e5 {[%emt 0:00:19]} 10. dxe5 {[%emt 0:02:00]} dxe5 {[%emt 0:00:34]} 11. Rfd1 {[%emt 0:02:09]} Qc7 {[%emt 0:01:29]} 12. Nd2 {[%emt 0:01:03]} Nf8 {[%emt 0:03:01]} 13. Nde4 {[%emt 0:09:06]} Nxe4 {[%emt 0:05:49]} 14. Nxe4 {[%emt 0:00:21]} Bf5 {[%emt 0:00:37]} 15. g4 {[%emt 0:13:59]} Bxe4 {[%emt 0:00:52]} 16. Qxe4 {[%emt 0:00:10]} Ne6 {[%emt 0:08:43]} 17. Bh4 {[%emt 0:00:35]} g5 {[%emt 0:08:13]} 18. Bg3 {[%emt 0:00:35]} Nc5 {[%emt 0:01:11]} 19. Qf5 {[%emt 0:01:49]} h6 {[%emt 0:05:48]} 20. b4 {[%emt 0:01:43]} Ne6 {[%emt 0:00:21]} 21. c5 {[%emt 0:00:45]} a5 {[%emt 0:03:49]} 22. a3 {[%emt 0:01:35]} Rad8 {[%emt 0:06:21]} 23. Bc4 {[%emt 0:01:42]} Nf8 {[%emt 0:04:54]} 24. Rd6 {[%emt 0:02:36]} Rxd6 {[%emt 0:03:23]} 25. cxd6 {[%emt 0:00:13]} Qd7 {[%emt 0:00:10]} 26. bxa5 {[%emt 0:05:24]} Ra8 {[%emt 0:05:41]} 27. Rb1 {[%emt 0:02:18]} Ne6 {[%emt 0:02:01]} 28. a6 {[%emt 0:01:30]} b5 {[%emt 0:01:41]} 29. Bxe6 {[%emt 0:18:34]} fxe6 {[%emt 0:00:32]} 30. Qd3 {[%emt 0:00:17]} Rxa6 {[%emt 0:00:48]} 31. Rc1 {[%emt 0:04:09]} Ra4 {[%emt 0:03:11]} 32. h3 {[%emt 0:01:31]} Kf7 {[%emt 0:03:11]} 33. Rc5 {[%emt 0:07:55]} Rc4 {[%emt 0:01:32]} 34. Rxc4 {[%emt 0:01:13]} bxc4 {[%emt 0:00:02]} 35. Qxc4 {[%emt 0:00:03]} Qxd6 {[%emt 0:00:12]} 36. a4 {[%emt 0:00:49]} Bf8 {[%emt 0:03:24]} 37. a5 {[%emt 0:01:18]} Kf6 {[%emt 0:01:23]} 38. a6 {[%emt 0:01:27]} Qc5 {[%emt 0:00:48]} 39. Qa4 {[%emt 0:00:46]} Qc1+ {[%emt 0:01:19]} 40. Kh2 {[%emt 0:01:39]} Bc5 {[%emt 0:00:17]} 41. a7 {[%emt 0:01:02]} Bxa7 {[%emt 0:00:12]} 42. Qxa7 {[%emt 0:00:06]} c5 {[%emt 0:00:20]} 43. Qc7 {[%emt 0:01:24]} Qc3 {[%emt 0:00:14]} 44. Qb8 {[%emt 0:00:47]} c4 {[%emt 0:00:22]} 45. Qh8+ {[%emt 0:00:29]} Ke7 {[%emt 0:00:26]} 46. Qxe5 {[%emt 0:00:23]} Qb4 {[%emt 0:00:51]} 47. Qc7+ {[%emt 0:00:33]} Kf6 {[%emt 0:00:48]} 48. Be5+ {[%emt 0:00:15]} 1-0

[Event "POL-chT 2nd League Juniors 2020"]
[Site "Sypniewo"]
[Date "2020.10.26"]
[Round "5.4"]
[White "Rzepka, Marcin"]
[Black "Zimny, Jakub"]
[Result "1-0"]
[WhiteElo "1294"]
[BlackElo "1569"]
[Annotator "NA RC"]
[PlyCount "69"]
[EventDate "2020.10.23"]
[EventType "team-tourn"]
[EventCountry "POL"]
[SourceTitle "playchess.com"]
[Source "ChessBase"]
[SourceQuality "1"]
[TimeControl "5400+30"]

1. d3 {[%emt 0:00:00]} g6 {[%emt 0:00:00]} 2. Nf3 {[%emt 0:00:31]} Bg7 {[%emt 0:00:18]} 3. g3 {[%emt 0:01:39]} c5 {[%emt 0:00:58]} 4. Bg2 {[%emt 0:01:06]} e6 {[%emt 0:00:38]} 5. O-O {[%emt 0:01:01]} Ne7 {[%emt 0:00:15]} 6. e4 {[%emt 0:05:31]} Nbc6 {[%emt 0:01:03]} 7. Nc3 {[%emt 0:06:07]} O-O {[%emt 0:00:16]} 8. Re1 {[%emt 0:04:11]} d6 {[%emt 0:00:20]} 9. h3 {[%emt 0:04:53]} Rb8 {[%emt 0:00:38]} 10. Nh2 {[%emt 0:01:33]} b5 {[%emt 0:01:25]} 11. f4 {[%emt 0:07:34]} b4 {[%emt 0:06:15]} 12. Ne2 {[%emt 0:01:23]} a5 {[%emt 0:00:59]} 13. g4 {[%emt 0:02:30]} f5 {[%emt 0:01:45]} 14. g5 {[%emt 0:08:21]} Nd4 {[%emt 0:18:14]} 15. h4 {[%emt 0:06:27]} e5 {[%emt 0:03:29]} 16. Nxd4 {[%emt 0:03:01]} exd4 {[%emt 0:02:50]} 17. h5 {[%emt 0:04:14]} Bb7 {[%emt 0:02:55]} 18. h6 {[%emt 0:11:35]} Bh8 {[%emt 0:00:17]} 19. Qe2 {[%emt 0:01:08]} Re8 {[%emt 0:05:51]} 20. Qf2 {[%emt 0:03:37]} Qc7 {[%emt 0:03:14]} 21. Nf3 {[%emt 0:02:16]} Nc6 {[%emt 0:07:10]} 22. Bd2 {[%emt 0:03:11]} Bc8 {[%emt 0:07:25]} 23. Nh4 {[%emt 0:01:18]} a4 {[%emt 0:02:47]} 24. exf5 {[%emt 0:00:40]} Bxf5 {[%emt 0:00:07]} 25. Nxf5 {[%emt 0:00:47]} gxf5 {[%emt 0:00:08]} 26. Bd5+ {[%emt 0:00:27]} Kf8 {[%emt 0:00:13]} 27. Be6 {[%emt 0:04:53]} Ne7 {[%emt 0:03:54]} 28. Qh2 {[%emt 0:04:10]} Ng6 {[%emt 0:03:16]} 29. Bxf5 {[%emt 0:03:15]} Qf7 {[%emt 0:00:48]} 30. Be4 {[%emt 0:02:03]} b3 {[%emt 0:01:01]} 31. f5 {[%emt 0:02:06]} Be5 {[%emt 0:00:41]} 32. Qf2 {[%emt 0:01:40]} Ne7 {[%emt 0:00:51]} 33. g6 {[%emt 0:00:42]} hxg6 {[%emt 0:00:26]} 34. fxg6 {[%emt 0:00:03]} Nxg6 {[%emt 0:00:38]} 35. Bxg6 {[%emt 0:00:57]} 1-0

[Event "POL-chT 2nd League Juniors 2020"]
[Site "Sypniewo"]
[Date "2020.10.26"]
[Round "5.5"]
[White "Hertlein, Irena"]
[Black "Uliasz, Katarzyna"]
[Result "1-0"]
[WhiteElo "1893"]
[BlackElo "1495"]
[Annotator "NA RC"]
[PlyCount "87"]
[EventDate "2020.10.23"]
[EventType "team-tourn"]
[EventCountry "POL"]
[SourceTitle "playchess.com"]
[Source "ChessBase"]
[SourceQuality "1"]
[TimeControl "5400+30"]

1. e4 {[%emt 0:00:00]} c5 {[%emt 0:00:00]} 2. Nf3 {[%emt 0:00:00]} Nc6 {[%emt 0:00:00]} 3. d4 {[%emt 0:00:00]} cxd4 {[%emt 0:00:00]} 4. Nxd4 {[%emt 0:00:04]} e5 {[%emt 0:00:00]} 5. Nb5 {[%emt 0:00:07]} d6 {[%emt 0:00:01]} 6. N1c3 {[%emt 0:00:14]} a6 {[%emt 0:00:07]} 7. Na3 {[%emt 0:00:06]} b5 {[%emt 0:00:06]} 8. Nd5 {[%emt 0:00:14]} Nge7 {[%emt 0:00:13]} 9. Bg5 {[%emt 0:08:24]} h6 {[%emt 0:03:00]} 10. Bxe7 {[%emt 0:05:51]} (10. Bxb5 $14 axb5 11. Nxb5) 10... Bxe7 {B32: Sicilian: Löwenthal and Kalashnikov Variations.} (10... Nxe7 $11 11. Nb4 Qb6) 11. g3 {[%emt 0:05:00] [#]} O-O $146 {[%emt 0:07:06]} ({Predecessor:} 11... Rb8 12. Bg2 O-O 13. O-O Re8 14. c3 b4 15. Nc4 bxc3 16. bxc3 Na5 17. Nxe7+ Rxe7 18. Nxa5 Qxa5 19. Qxd6 {½-½ (30) Paveto,K (2235)-Fusco,L (2392) Buenos Aires 2011}) 12. Bg2 {[%emt 0:00:36]} Be6 {[%emt 0:03:10]} 13. c3 {[%emt 0:09:17]} Rc8 {[%emt 0:02:05]} 14. O-O {[%emt 0:01:37]} g6 {[%emt 0:06:37]} 15. Qd2 {[%emt 0:09:51]} Kh7 {[%emt 0:11:04]} 16. Nc2 {[%emt 0:06:30]} f5 {[%emt 0:11:22]} (16... Na5 $11 {keeps the balance.}) 17. f4 {[%emt 0:06:33]} Na5 {[%emt 0:07:07]} 18. Nce3 {[%emt 0:11:28]} Nc4 {[%emt 0:03:13]} 19. Nxc4 {[%emt 0:00:29]} Rxc4 {[%emt 0:01:39]} 20. Rad1 {[%emt 0:02:00]} Bxd5 {[%emt 0:02:06]} 21. Qxd5 {[%emt 0:00:24]} Qc7 {[%emt 0:04:55]} 22. Kh1 $16 {[%emt 0:14:32]} Rc5 {[%emt 0:03:05]} 23. Qd3 {[%emt 0:00:28]} Qc8 {[%emt 0:03:32]} 24. Rf2 {[%emt 0:05:07]} Qe6 {[%emt 0:03:23]} 25. b4 {[%emt 0:03:53]} Rc4 {[%emt 0:00:30]} 26. Rdf1 {[%emt 0:01:03]} exf4 {[%emt 0:10:48]} 27. exf5 {[%emt 0:00:49]} Rxf5 {[%emt 0:00:27]} 28. Bh3 {[%emt 0:00:42]} Qd5+ {[%emt 0:09:34]} 29. Qxd5 {[%emt 0:00:10]} Rxd5 {[%emt 0:00:01]} 30. Be6 {[%emt 0:00:09]} Re5 {[%emt 0:00:54]} 31. Bxc4 {[%emt 0:00:07]} bxc4 {[%emt 0:00:04]} 32. Rxf4 {[%emt 0:02:49]} d5 {[%emt 0:01:13]} 33. Kg2 {[%emt 0:00:53]} g5 {[%emt 0:01:44]} 34. Rf5 {[%emt 0:00:42]} Re6 {[%emt 0:01:29]} 35. Rxd5 {[%emt 0:00:37]} Bf6 {[%emt 0:00:11]} 36. Rc5 {[%emt 0:01:32]} Bxc3 {[%emt 0:01:54]} 37. Rxc4 {[%emt 0:00:08]} Be1 {[%emt 0:01:10]} 38. Kf3 {[%emt 0:03:53]} Kg6 {[%emt 0:00:20]} 39. a3 {[%emt 0:01:06]} Kh5 {[%emt 0:01:26]} 40. Re4 {[%emt 0:00:40]} g4+ {[%emt 0:00:41]} 41. Ke3 {[%emt 0:01:00]} Bd2+ {[%emt 0:00:32]} 42. Kd3 {[%emt 0:00:09]} Rd6+ {[%emt 0:00:37]} 43. Rd4 {[%emt 0:00:10]} Rxd4+ {[%emt 0:00:18]} 44. Kxd4 {[%emt 0:00:05]} 1-0